| 000 | 00989nam a2200277Ia 4500 | ||
|---|---|---|---|
| 001 | 3173 | ||
| 003 | GE_BSU | ||
| 008 | 181216s||||||||xx |||||||||||||| ||und|| | ||
| 020 | _a5289018166 | ||
| 040 | _cGE_BSU | ||
| 080 | _a330.1 | ||
| 100 | _aУильямсон, Оливер И. | ||
| 245 | _aЭкономические институты капитализма: Фирмы, рынки, "отношенческая контрактация". | ||
| 245 | 4 | _bThe Economics Institutions of Capitalism. | |
| 245 | _cнауч. ред. В. С. Катькало. пер. с англ. Ю.Е. Благова, В.С. Катькало. | ||
| 260 | _aСПб | ||
| 260 | _bЛениздат. CEV PRESS | ||
| 260 | _c1996 | ||
| 300 | _a702 с. | ||
| 541 | _h15 л. 95 т. | ||
| 653 | _aотношенческая контрактация | ||
| 653 | _aрынки | ||
| 653 | _aФирмы | ||
| 653 | _aЭкономические институты капитализма | ||
| 942 | _cBK | ||
| 999 |
_c37216 _d37216 |
||